000 00543nam a2200229Ia 4500
003 OSt
005 20220924141947.0
006 a|||||r|||| 00| 0
007 ta
008 220923b |||||||| |||| 00| 0 ben d
024 _a299888
037 _cTextual
040 _aARTS
_cARTS
_bben
041 _2ben
_aben
082 _aU2.2p1G, 157M2
100 _aSarkar
_9104788
245 0 _aGangar katha
260 _c1982
650 _aGEOGRAPHY
942 _hU2.2p1G, 157M2
_cTEXL
_2CC
999 _c448798
_d448798